000 00889nam a22002177a 4500
005 20250715155759.0
008 250715b |||||||| |||| 00| 0 eng d
020 _a978-81-976147-4-3(pbk)
037 _cTB
040 _aCRL
_cCRL
084 _aO153,3NDH,KJ R4
_qCRL
100 _aਧਾਲੀਵਾਲ, ਦਵਿੰਦਰ ਖੁਸ਼
_9815690
245 _aਖੁਦਕੁਸ਼ੀ ਦਾਂ ਕਤਲ
260 _aਬਰਨਾਲਾ, ਭਾਰਤ:
_b ਪੁਲਾਂਘ ਪ੍ਰਕਾਸ਼ਨ,
_c2024.
300 _a195ਪ੍ਰ0
365 _b350.00
_cINR
650 _aਪੰਜਾਬੀ ਸਾਹਿਤ
650 _aਪੰਜਾਬੀ ਕਹਾਣੀ
942 _2CC
_cTB
_hO153,3NDH,KJ R4
_n0
999 _c1433674
_d1433674